Sheldon and Fidler's practice and law of banking / (Record no. 149836)

MARC details
000 -LEADER
fixed length control field 00662nam a2200229 a 4500
008 - FIXED-LENGTH DATA ELEMENTS--GENERAL INFORMATION
fixed length control field
020 ## - INTERNATIONAL STANDARD BOOK NUMBER
International Standard Book Number 0273025813 (pbk.)
049 ## - LOCAL HOLDINGS (OCLC)
Holding library MAIN
090 ## - LOCALLY ASSIGNED LC-TYPE CALL NUMBER (OCLC); LOCAL CALL NUMBER (RLIN)
Classification number (OCLC) (R) ; Classification number, CALL (RLIN) (NR) KD1715
Local cutter number (OCLC) ; Book number/undivided call number, CALL (RLIN) FID
003 - CONTROL NUMBER IDENTIFIER
control field
005 - DATE AND TIME OF LATEST TRANSACTION
control field 20230123133517.0
040 ## - CATALOGING SOURCE
Transcribing agency NUST
100 ## - MAIN ENTRY--PERSONAL NAME
Personal name Fidler, P. J. M.
245 #0 - TITLE STATEMENT
Title Sheldon and Fidler's practice and law of banking /
Statement of responsibility, etc. P. J. M. Fidler, assisted by M. I. Freeman.
250 ## - EDITION STATEMENT
Edition statement 11th ed.
260 ## - PUBLICATION, DISTRIBUTION, ETC.
Place of publication, distribution, etc. London :
Name of publisher, distributor, etc. Pitman Publishing, 1982.
300 ## - PHYSICAL DESCRIPTION
Extent liv, 792 p. ;
Dimensions 21 cm.
500 ## - GENERAL NOTE
General note Includes index.
650 ## - SUBJECT ADDED ENTRY--TOPICAL TERM
Topical term or geographic name entry element Banking
General subdivision Law.
907 ## - LOCAL DATA ELEMENT G, LDG (RLIN)
a .b10094982
b 03-01-11
c 24-11-03
942 ## - ADDED ENTRY ELEMENTS (KOHA)
Koha item type Ordinary Loan Books
Call number prefix KD1715
Call number suffix FID
Holdings
Date last seen Total Checkouts Full call number Barcode Cost, replacement price Price effective from Koha item type Lost status Source of classification or shelving scheme Damaged status Not for loan Collection Withdrawn status Home library Current library Shelving location Date acquired Cost, normal purchase price
01/23/2023 50 KD1715 FID 92003007727 80.00 01/23/2023 BOOKS   LCC     NFIC   MAIN MAIN GEN 01/23/2023 80.00